[Event "Brandenburg-ch Seniors 12th"]
[Site "Lindow/Mark"]
[Date "2004.09.25"]
[Round "9"]
[White "Glueck, Juergen"]
[Black "Voigt, Udo"]
[Result "0-1"]
[WhiteElo "1616"]
[BlackElo "1712"]
[PlyCount "68"]
[EventDate "2004.09.18"]
[EventType "swiss"]
[EventRounds "9"]
[EventCountry "GER"]
[SourceTitle "EXT 2006"]
[Source "ChessBase"]
[SourceDate "2005.11.24"]
[SourceVersion "1"]
[SourceVersionDate "2005.11.24"]
[SourceQuality "1"]

1. d4 d5 2. Nf3 Nf6 3. Bf4 e6 4. e3 a6 5. Be2 c5 6. c3 c4 7. h3 Be7 8. 0-0 0-0 9. Nbd2 b5 10. a3 Nc6 11. Ne5 Bb7 12. Nxc6 Bxc6 13. Nf3 Bb7 14. Ne5 Nd7 15. Bg4 Bf6 16. Bh2 Qe7 17. f4 g6 18. Qd2 Bg7 19. Bd1 f5 20. Qf2 Nf6 21. Bc2 a5 22. Qe1 Rfd8 23. Bg3 Ne4 24. Bh4 Bf6 25. Bxf6 Qxf6 26. Bxe4 dxe4 27. g4 Qg7 28. Qg3 Bd5 29. Kf2 Rdb8 30. h4 b4 31. axb4 axb4 32. cxb4 Rxa1 33. Rxa1 Rxb4 34. Ra8+ Bxa8 0-1

[Event "Brandenburg-ch Seniors 08th"]
[Site "Uckley"]
[Date "2000.06.22"]
[Round "7"]
[White "Glueck, Juergen"]
[Black "Jakubowski, Karl"]
[Result "1-0"]
[WhiteElo "1594"]
[BlackElo "1334"]
[PlyCount "41"]
[EventDate "2000.06.16"]
[EventType "swiss"]
[EventRounds "7"]
[EventCountry "GER"]
[SourceTitle "EXT 2006"]
[Source "ChessBase"]
[SourceDate "2005.11.24"]
[SourceVersion "1"]
[SourceVersionDate "2005.11.24"]
[SourceQuality "1"]

1. d4 d5 2. c4 e6 3. Nc3 c6 4. Nf3 Nf6 5. Bg5 Nbd7 6. e3 Bb4 7. Bd3 Qa5 8. Qc2 Bxc3+ 9. bxc3 Ne4 10. Bxe4 dxe4 11. Ne5 Nxe5 12. dxe5 Qxe5 13. Bf4 Qf5 14. 0-0 0-0 15. Rad1 b6 16. Rd6 c5 17. Rfd1 Ba6 18. Qa4 Bb7 19. Rd7 Rfb8 20. Bxb8 g6 21. Rxb7 1-0

[Event "Brandenburg-ch Seniors 08th"]
[Site "Uckley"]
[Date "2000.06.20"]
[Round "5"]
[White "Becker, Guenter"]
[Black "Glueck, Juergen"]
[Result "1/2-1/2"]
[WhiteElo "1529"]
[BlackElo "1594"]
[PlyCount "42"]
[EventDate "2000.06.16"]
[EventType "swiss"]
[EventRounds "7"]
[EventCountry "GER"]
[SourceTitle "EXT 2006"]
[Source "ChessBase"]
[SourceDate "2005.11.24"]
[SourceVersion "1"]
[SourceVersionDate "2005.11.24"]
[SourceQuality "1"]

1. d4 d5 2. c4 c6 3. Nc3 Nf6 4. Nf3 e6 5. e3 Bd6 6. h3 0-0 7. Be2 Nbd7 8. c5 Bc7 9. Qc2 Ba5 10. 0-0 b6 11. cxb6 Bxb6 12. b3 Bb7 13. Na4 Bc7 14. Ba3 Re8 15. Nc5 Nxc5 16. Bxc5 Ne4 17. Bd3 f5 18. Nd2 Qh4 19. Nf3 Qd8 20. b4 Bd6 21. Nd2 Bxc5 1/2-1/2

[Event "Brandenburg-ch Seniors 08th"]
[Site "Uckley"]
[Date "2000.06.17"]
[Round "2"]
[White "Zelinski, Heinz"]
[Black "Glueck, Juergen"]
[Result "1-0"]
[WhiteElo "1201"]
[BlackElo "1594"]
[PlyCount "105"]
[EventDate "2000.06.16"]
[EventType "swiss"]
[EventRounds "7"]
[EventCountry "GER"]
[SourceTitle "EXT 2006"]
[Source "ChessBase"]
[SourceDate "2005.11.24"]
[SourceVersion "1"]
[SourceVersionDate "2005.11.24"]
[SourceQuality "1"]

1. e4 e6 2. d4 d5 3. e5 c5 4. c4 dxc4 5. Qa4+ Nc6 6. Be3 cxd4 7. Bf4 Qb6 8. Nd2 Bb4 9. Bxc4 Nge7 10. Bb5 a6 11. Qxb4 Qxb5 12. Qxb5 axb5 13. Ngf3 0-0 14. 0-0 b6 15. Ne4 Nf5 16. g4 Nfe7 17. Nd6 Ba6 18. Rfe1 Nd5 19. Bg3 Ndb4 20. a3 Nd5 21. Nxd4 Na7 22. Rec1 b4 23. Nc6 Nxc6 24. Rxc6 b3 25. Rac1 Bd3 26. f3 Bc2 27. Nc4 Rac8 28. Rxc8 Rxc8 29. Nd6 Rc6 30. Ne4 Kf8 31. Nd2 Rc5 32. Bf2 Rb5 33. Nc4 Nf4 34. Re1 Nd5 35. Kg2 Ke7 36. Kg3 g5 37. Nd6 Nf4 38. Nxb5 Nd3 39. Re2 Nxb2 40. Bxb6 Nc4 41. Bc5+ Kd7 42. Bd4 Kc6 43. a4 Kd5 44. Bc3 Kc5 45. Nd4 Na3 46. Bb2 Kc4 47. Nxb3 Bxb3 48. Bxa3 Bxa4 49. Bd6 Kd3 50. Re4 Bd1 51. Rb4 Ke3 52. Be7 h6 53. h3 1-0